000
00302nam a22001217a 4500
040
_c
nust
082
_a
551.48
_b
WAN
100
_a
Xixi Wang
_9
122646
245
_a
Water Resources and Hydraulics .
300
_a
616 pages
_c
25cm
440
_a
Water Resources and hydraulics .
_9
122647
942
_2
ddc
_c
BK
999
_c
609099
_d
609099